000 00532cam a22002291 4500
001 sa 67001870
003 DLC
005 20260227112326.0
008 890425s1966 bg 000 0 beno
010 _asa 67001870
035 _a(OCoLC)19601937
040 _aDLC
_cWaU
_dDLC
042 _apremarc
043 _aa-ii---
050 0 0 _aDS464
_b.A7
100 0 _aAkbaruddin.
245 1 0 _aPathera diśārī.
260 _c[1966]
300 _a126 p.
_c22 cm.
500 _aIn Bengali.
650 0 _aMuslims
_zIndia
_vBiography.
999 _c72892
_d72892